Operational research for development (Record no. 380926)

000 -LEADER
fixed length control field 00456cam a22001457a 4500
008 - FIXED-LENGTH DATA ELEMENTS--GENERAL INFORMATION
fixed length control field 180718b1996 xxu||||| |||| 00| 0 eng d
082 ## - DEWEY DECIMAL CLASSIFICATION NUMBER
Classification number I552 R752
245 ## - TITLE STATEMENT
Title Operational research for development
Statement of responsibility, etc. edited by Jonathan Rosenhead and Arabinda Tripathy
260 ## - PUBLICATION, DISTRIBUTION, ETC.
Place of publication, distribution, etc. New Delhi
Name of publisher, distributor, etc. New Age
Date of publication, distribution, etc. 1996
300 ## - PHYSICAL DESCRIPTION
Extent 357p.
650 ## - SUBJECT ADDED ENTRY--TOPICAL TERM
Topical term or geographic name entry element Economic development - India
650 ## - SUBJECT ADDED ENTRY--TOPICAL TERM
Topical term or geographic name entry element Operational research
700 ## - ADDED ENTRY--PERSONAL NAME
Personal name Tripathy, Arabinda
700 ## - ADDED ENTRY--PERSONAL NAME
Personal name Rosenhead, Jonathan
Holdings
Withdrawn status Lost status Damaged status Not for loan Permanent Location Current Location Date acquired Full call number Barcode Date last seen Price effective from Koha item type
        Indian Institute of Public Administration Indian Institute of Public Administration 1997-02-02 I552 R752 71852 2018-07-21 2018-07-21 Book

Powered by Koha